| 000 | 00383nam a22001457a 4500 | ||
|---|---|---|---|
| 020 | _a9798188719159 | ||
| 040 | _cNUST | ||
| 082 | _a515.9 BAN | ||
| 100 |
_aBanerji, P. K _9114100 |
||
| 110 |
_aChaurasia, V. B. L Goyal, M. C _9114101 |
||
| 245 | _aComplex Analysis | ||
| 260 |
_aNew Delhi: _bIndus Valley Publisher, _c2004. |
||
| 650 |
_aComplex Analysis _958033 |
||
| 942 |
_2ddc _cBK |
||
| 999 |
_c595496 _d595496 |
||